[Event "tht Extraliga 16/17,SK Slavoj Poruba-Lysa nad Labem B"]
[Site "Ostrava-Poruba"]
[Date "2016.10.08"]
[Round "1.1"]
[White "Markowski, Tomasz"]
[Black "Vorobiov, Evgeny"]
[WhiteElo "2566"]
[BlackElo "2581"]
[Result "1/2-1/2"]
[PlyCount "62"]

1. d4 Nf6 2. Nf3 e6 3. e3 d5 4. Bd3 c5 5. b3 Nc6 6. O-O Be7 7. Bb2 O-O 8. Nbd2
b6 9. a3 Bb7 10. Qe2 Qc7 11. dxc5 bxc5 12. c4 Rad8 13. cxd5 exd5 14. Rac1 Qb6
15. Rc2 Rfe8 16. Rfc1 d4 17. e4 Bf8 18. Qf1 Na5 19. e5 Ng4 20. Bb5 Nxe5 21.
Bxe8 Nxf3+ 22. Nxf3 Rxe8 23. b4 Bxf3 24. gxf3 Nb3 25. bxc5 Qg6+ 26. Kh1 d3 27.
Rc3 Nxc1 28. Bxc1 Qf5 29. Kg2 Qg6+ 30. Kh1 Qf5 31. Kg2 Qg6+ 1/2-1/2

[Event "tht Extraliga 16/17,SK Slavoj Poruba-Lysa nad Labem B"]
[Site "Ostrava-Poruba"]
[Date "2016.10.08"]
[Round "1.2"]
[White "Nguyen, Thai"]
[Black "Jakubowski, Krzysztof"]
[WhiteElo "2442"]
[BlackElo "2520"]
[Result "0-1"]
[PlyCount "72"]

1. e4 e5 2. Nf3 Nc6 3. Bb5 a6 4. Ba4 Nf6 5. O-O Be7 6. d3 d6 7. c3 O-O 8. Re1
b5 9. Bb3 Na5 10. Bc2 c5 11. Nbd2 Re8 12. Nf1 Bf8 13. d4 cxd4 14. cxd4 exd4 15.
Nxd4 Bb7 16. Ng3 Rc8 17. a4 b4 18. Ndf5 Qc7 19. Bd3 d5 20. Bg5 Nxe4 21. Bxe4
dxe4 22. Nh5 Re6 23. Qg4 Rg6 24. Nf4 Nb3 25. Rad1 Nc5 26. Nxg6 hxg6 27. Ng3 Nd3
28. Rf1 f5 29. Qe2 Qc6 30. f3 Bc5+ 31. Kh1 exf3 32. Rxf3 Ne5 33. Rf4 Nf7 34. h4
Re8 35. Qc2 b3 36. Qd2 Be3 0-1

[Event "tht Extraliga 16/17,SK Slavoj Poruba-Lysa nad Labem B"]
[Site "Ostrava-Poruba"]
[Date "2016.10.08"]
[Round "1.3"]
[White "Cvek, Robert"]
[Black "Suran, Jan"]
[WhiteElo "2525"]
[BlackElo "2421"]
[Result "1/2-1/2"]
[PlyCount "69"]

1. Nf3 Nf6 2. c4 g6 3. Nc3 c5 4. g3 Bg7 5. Bg2 O-O 6. d4 cxd4 7. Nxd4 Qc7 8.
Qa4 d6 9. O-O Bd7 10. Qd1 Nc6 11. b3 Nxd4 12. Qxd4 Ne4 13. Qxe4 Bxc3 14. Bh6
Bc6 15. Qe3 Bxa1 16. Bxf8 Rxf8 17. Rxa1 Bxg2 18. Kxg2 b6 19. Rd1 Qb7+ 20. Qf3
Qxf3+ 21. Kxf3 Rc8 22. e4 Rc5 23. Ke3 f6 24. Kd4 Ra5 25. a4 Kf7 26. h4 f5 27.
f4 Ke6 28. Ra1 fxe4 29. b4 Rf5 30. Kxe4 h5 31. Kd4 a5 32. Rb1 axb4 33. Rxb4 Ra5
34. Rxb6 Rxa4 35. Rb5 1/2-1/2

[Event "tht Extraliga 16/17,SK Slavoj Poruba-Lysa nad Labem B"]
[Site "Ostrava-Poruba"]
[Date "2016.10.08"]
[Round "1.4"]
[White "Londyn, Radek"]
[Black "Kanovsky, David"]
[WhiteElo "2422"]
[BlackElo "2419"]
[Result "1/2-1/2"]
[PlyCount "78"]

1. Nf3 c5 2. e3 Nf6 3. d4 g6 4. Be2 Bg7 5. O-O b6 6. b3 O-O 7. Bb2 Bb7 8. c4
cxd4 9. Nxd4 d6 10. Nc3 Nc6 11. Bf3 Qd7 12. Bxc6 Bxc6 13. Nxc6 Qxc6 14. Nd5
Nxd5 15. cxd5 Qb7 16. Bxg7 Kxg7 17. Qd4+ f6 18. Rac1 Rac8 19. Qe4 Rc5 20. b4
Qxd5 21. Qxe7+ Rf7 22. Qxf7+ Kxf7 23. bxc5 dxc5 24. Rfd1 Qc6 25. Rd8 c4 26.
Rcd1 Ke6 27. f3 b5 28. Kf2 b4 29. R8d4 a5 30. Re4+ Kf7 31. Rdd4 c3 32. Rc4 Qd6
33. Red4 Qxh2 34. Rh4 Qd6 35. Rxh7+ Ke6 36. Re4+ Kf5 37. Rf4+ Ke6 38. Re4+ Kf5
39. Rf4+ Ke5 1/2-1/2

[Event "tht Extraliga 16/17,SK Slavoj Poruba-Lysa nad Labem B"]
[Site "Ostrava-Poruba"]
[Date "2016.10.08"]
[Round "1.5"]
[White "Murdzia, Piotr"]
[Black "Cerveny, Martin"]
[WhiteElo "2422"]
[BlackElo "2399"]
[Result "1-0"]
[PlyCount "79"]

1. e4 c5 2. Nf3 d6 3. c3 Nf6 4. Be2 Nbd7 5. d3 b6 6. O-O Bb7 7. Re1 e6 8. Bf1
c4 9. d4 Bxe4 10. Bxc4 d5 11. Bf1 Be7 12. Bf4 O-O 13. Nbd2 Bg6 14. h3 a6 15. a4
Ne4 16. Nxe4 Bxe4 17. Qe2 Bg6 18. Qe3 Re8 19. Bg5 Bxg5 20. Nxg5 h6 21. Nf3 Be4
22. Ne5 Nxe5 23. dxe5 Bg6 24. Rad1 Qc7 25. Rd4 Rec8 26. Qd2 Qe7 27. Re3 Rc5 28.
Rg3 Qe8 29. h4 h5 30. Be2 b5 31. axb5 axb5 32. Kh2 Ra1 33. Qg5 Rc4 34. Bxh5
Rxd4 35. cxd4 Ra4 36. Bxg6 fxg6 37. h5 Rxd4 38. hxg6 Qf8 39. Rf3 Qb8 40. Qh5
1-0

[Event "tht Extraliga 16/17,SK Slavoj Poruba-Lysa nad Labem B"]
[Site "Ostrava-Poruba"]
[Date "2016.10.08"]
[Round "1.6"]
[White "Worek, Joanna"]
[Black "Malinovsky, Karel"]
[WhiteElo "2349"]
[BlackElo "2448"]
[Result "1/2-1/2"]
[PlyCount "98"]

1. d4 d5 2. c4 e6 3. g3 Nf6 4. Bg2 Be7 5. Nf3 O-O 6. O-O dxc4 7. Ne5 Nc6 8.
Nxc6 bxc6 9. Na3 Bxa3 10. bxa3 Ba6 11. Qd2 Rb8 12. Qa5 Rb6 13. a4 Qe7 14. e4
Rfb8 15. Rd1 Qb4 16. Bd2 Qxa5 17. Bxa5 Rb2 18. Bc3 Rc2 19. Rdc1 Rxc1+ 20. Rxc1
Nd7 21. a5 c5 22. d5 exd5 23. exd5 Rd8 24. Rd1 Nf6 25. Rd2 Ne8 26. Rb2 Nd6 27.
a4 f6 28. g4 Re8 29. h3 Kf7 30. Kf1 Bc8 31. Bf3 Bd7 32. Bd1 Ne4 33. Be1 c3 34.
Ra2 Nd2+ 35. Bxd2 cxd2 36. Rxd2 Ke7 37. Rb2 Kd6 38. Rb7 Ra8 39. Ke1 Bc8 40. Rb1
Ba6 41. Bf3 Re8+ 42. Kd2 h6 43. Kc3 Bc8 44. Rb8 Bd7 45. Rb7 Ra8 46. Bd1 Bc8 47.
Rb1 Bd7 48. Rb7 Bc8 49. Rb1 Ke5 1/2-1/2

[Event "tht Extraliga 16/17,SK Slavoj Poruba-Lysa nad Labem B"]
[Site "Ostrava-Poruba"]
[Date "2016.10.08"]
[Round "1.7"]
[White "Caletka, Radomir"]
[Black "Spacek, Petr"]
[WhiteElo "2382"]
[BlackElo "2371"]
[Result "1/2-1/2"]
[PlyCount "42"]

1. c4 e6 2. g3 d5 3. Bg2 c5 4. Nf3 Nf6 5. O-O Be7 6. b3 Nc6 7. Bb2 O-O 8. e3 b6
9. Nc3 Bb7 10. cxd5 Nxd5 11. Nxd5 exd5 12. d4 Rc8 13. Qd2 Ba6 14. Rfd1 c4 15.
Bc3 b5 16. a3 cxb3 17. Rdb1 b4 18. axb4 Bc4 19. Ne5 Nxe5 20. dxe5 Qb6 21. Ra5
Rfd8 1/2-1/2

[Event "tht Extraliga 16/17,SK Slavoj Poruba-Lysa nad Labem B"]
[Site "Ostrava-Poruba"]
[Date "2016.10.08"]
[Round "1.8"]
[White "Petenyi, Tamas"]
[Black "Klima, Lukas"]
[WhiteElo "2437"]
[BlackElo "2340"]
[Result "1/2-1/2"]
[PlyCount "169"]

1. e4 c5 2. Nf3 Nc6 3. Bb5 g6 4. Bxc6 bxc6 5. O-O Bg7 6. Re1 Nh6 7. c3 O-O 8.
d4 cxd4 9. cxd4 f6 10. Qc2 Nf7 11. b3 Rb8 12. Nbd2 d5 13. Bb2 Nd6 14. e5 Bf5
15. Qxc6 Ne4 16. Nxe4 Bxe4 17. Nd2 Bf5 18. exf6 Bxf6 19. Qa4 Qd6 20. Nf1 Rfc8
21. Rac1 Bg5 22. Rxc8+ Rxc8 23. Ba3 Qc6 24. Qxc6 Rxc6 25. Bc5 Kf7 26. f3 Ra6
27. a3 Bc2 28. Re5 h6 29. Rxd5 Bxb3 30. Rd7 Re6 31. Ng3 Bc2 32. d5 Re5 33. Bd4
Ke8 34. Bxe5 Kxd7 35. f4 Bh4 36. Ne2 Bd3 37. Nd4 Bc4 38. Ne6 Be1 39. Nc5+ Kd8
40. d6 exd6 41. Bxd6 Bd5 42. Nd3 Ba5 43. Bc5 a6 44. g3 Ke8 45. Kf2 Kf7 46. Ne5+
Kg7 47. Bd4 Bc7 48. Ng4+ Kf8 49. Nxh6 Bd6 50. Bb2 Bc5+ 51. Ke2 Be6 52. Kf3 Bg1
53. h4 Bd5+ 54. Kg4 Bf2 55. f5 gxf5+ 56. Nxf5 Be6 57. Be5 Be3 58. Bf4 Bc5 59.
a4 Be7 60. Be5 Kf7 61. Kf4 Bb4 62. Bc7 Bd7 63. a5 Bd2+ 64. Ke4 Kg6 65. Ne7+ Kh5
66. Nd5 Bc6 67. Kd4 Be1 68. Kc5 Bb5 69. Nf6+ Kg6 70. Ne4 Kh5 71. Kb6 Kg4 72.
Kb7 Be2 73. Nf6+ Kh3 74. Nd7 Bxg3 75. Bxg3 Kxg3 76. Nc5 Kxh4 77. Nxa6 Kg5 78.
Kb6 Kf6 79. Nc7 Ke7 80. Nb5 Bxb5 81. Kxb5 Kd7 82. Kb6 Kc8 83. a6 Kb8 84. a7+
Ka8 85. Ka6 1/2-1/2

[Event "tht Extraliga 16/17,Labortech Ostrava-Lysa nad Labem A"]
[Site "Ostrava"]
[Date "2016.10.08"]
[Round "1.1"]
[White "Kovalev, Andrei"]
[Black "Najer, Evgeniy"]
[WhiteElo "2506"]
[BlackElo "2677"]
[Result "0-1"]

1. e4  c5  2. Nf3  d6
3. Bb5+  Nd7  4. d4
cxd4  5. Qxd4  a6
6. Bxd7+  Bxd7  7. Nc3
e5  8. Qd3  h6
9. Nd2  Nf6  10. Nc4  Be6
11. Be3  Bxc4  12. Qxc4
Rc8  13. Qb3  b5
14. O-O  Be7  15. a4
b4  16. Nd5  Nxd5
17. Qxd5  Rxc2  18. Rfc1
Rxb2  19. Qc6+  Qd7
20. Qa8+  Bd8  21. Qxa6
O-O  22. Rab1  Rxb1
23. Rxb1  f5  24. exf5
d5  25. Bc5  Qxf5
26. Rd1  Qc2  27. Qe6+
Kh8  28. Qxd5  Be7
29. Bb6  b3  30. Rf1
b2  31. Qb5  Bg5
32. Bc5  Rc8  33. Bd6
0-1

[Event "tht Extraliga 16/17,Labortech Ostrava-Lysa nad Labem A"]
[Site "Ostrava"]
[Date "2016.10.08"]
[Round "1.2"]
[White "Yemelin, Vasily"]
[Black "Stohl, Igor"]
[WhiteElo "2558"]
[BlackElo "2495"]
[Result "1/2-1/2"]

1. e4  c5  2. Nf3  d6
3. d4  cxd4  4. Nxd4
Nf6  5. Nc3  a6
6. a4  Nc6  7. Be2  e6
8. O-O  Be7  9. Be3
O-O  10. f4  Qc7
11. Kh1  Re8  12. Bf3
Na5  13. Qd3  Nc4
14. Bc1  e5  15. Nde2
exf4  16. Nxf4  Be6
17. b3  Ne5  18. Qd2
Ng6  19. Nce2  Nxf4
20. Nxf4  Nd7  21. Ba3
Ne5  22. Rad1  Rad8
23. c4  1/2-1/2

[Event "tht Extraliga 16/17,Labortech Ostrava-Lysa nad Labem A"]
[Site "Ostrava"]
[Date "2016.10.08"]
[Round "1.3"]
[White "Rasik, Vitezslav"]
[Black "Stocek, Jiri"]
[WhiteElo "2445"]
[BlackElo "2556"]
[Result "1/2-1/2"]

1. e4  e6  2. d3  d5
3. Nd2  Nf6  4. Ngf3
a5  5. e5  Nfd7
6. d4  h6  7. c3  b6
8. Be2  Ba6  9. O-O
Qc8  10. Ne1  c5
11. Bxa6  Qxa6  12. f4
g6  13. Ndf3  Nc6
14. Be3  a4  15. g4
b5  16. f5  gxf5
17. gxf5  Rg8+  18. Kh1
a3  19. fxe6  fxe6
20. b3  b4  21. Nd3
bxc3  22. dxc5  O-O-O
23. Rc1  d4  24. Bxd4
Ndb8  25. Nf4  Nxd4
26. Nxd4  Nc6  27. Qe2
Qb7  28. Nxc6  Qxc6+
29. Qf3  Qxf3+  30. Rxf3
c2  31. Nxe6  Rd1+
32. Rf1  Rd2  33. Nxf8
Rgg2  34. Rfe1  Rxh2+
35. Kg1  Rhg2+  36. Kh1
Rh2+  37. Kg1  Rdg2+
38. Kf1  Rf2+  39. Kg1
Rhg2+  40. Kh1  Rh2+
41. Kg1  Rhg2+  1/2-1/2

[Event "tht Extraliga 16/17,Labortech Ostrava-Lysa nad Labem A"]
[Site "Ostrava"]
[Date "2016.10.08"]
[Round "1.4"]
[White "Plat, Vojtech"]
[Black "Kociscak, Jiri"]
[WhiteElo "2532"]
[BlackElo "2471"]
[Result "1-0"]

1. d4  f5  2. e4  fxe4
3. Nc3  Nf6  4. Bg5
Nc6  5. d5  Ne5
6. Qe2  Nf7  7. Bxf6  exf6
8. Nxe4  Qe7  9. d6
Qe6  10. dxc7  Bb4+
11. c3  Ba5  12. O-O-O
O-O  13. Qc4  Ne5
14. Qa4  Bxc7  15. Nh3
d5  16. Ng3  Nc4
17. Bd3  Qb6  18. Bxc4
dxc4  19. Qxc4+  Be6
20. Qa4  Rad8  21. Rhe1
Be5  22. Nf4  Bf7
23. Nd3  Bxg3  24. hxg3
Bg6  25. Re3  Bxd3
26. Rdxd3  Rxd3  27. Qc4+
Kh8  28. Qxd3  Rd8
29. Qe2  Qc6  30. Re6
Qa4  31. b3  Qd7
32. Re7  Qc6  33. Kc2
Rc8  34. Qc4  Qxc4
35. bxc4  Rb8  36. c5
a6  37. Kb3  h5
38. Rc7  Kh7  39. Kb4  b6
40. c6  Re8  41. Rb7
Re4+  42. Kb3  b5
43. Ra7  Ra4  44. c4
Rxc4  45. Rxa6  Rc1
46. Kb4  1-0

[Event "tht Extraliga 16/17,Labortech Ostrava-Lysa nad Labem A"]
[Site "Ostrava"]
[Date "2016.10.08"]
[Round "1.5"]
[White "Velicka, Petr"]
[Black "Krejci, Jan"]
[WhiteElo "2435"]
[BlackElo "2490"]
[Result "1/2-1/2"]

1. e4  c5  2. Nf3  e6
3. d4  cxd4  4. Nxd4
Nc6  5. Nb5  d6
6. c4  Nf6  7. N1c3  a6
8. Nd4  Bd7  9. Be2
Rc8  10. Nb3  Ne5
11. Nd2  Ng6  12. O-O
Bc6  13. Re1  Be7
14. Bf1  O-O  15. Nb3
b6  16. a4  Ba8
17. Nd4  Qc7  18. f3  Ne5
19. b3  d5  20. exd5
exd5  21. Bf4  Bd6
22. Kh1  Nxc4  23. Bxd6
Nxd6  24. Rc1  Qa7
25. Qd2  a5  26. Ncb5
Nxb5  27. Bxb5  Rxc1
28. Rxc1  Qb8  1/2-1/2

[Event "tht Extraliga 16/17,Labortech Ostrava-Lysa nad Labem A"]
[Site "Ostrava"]
[Date "2016.10.08"]
[Round "1.6"]
[White "Jansa, Vlastimil"]
[Black "Biolek, Richard"]
[WhiteElo "2409"]
[BlackElo "2457"]
[Result "1-0"]

1. e4  e5  2. Nf3  Nc6
3. Bb5  a6  4. Ba4
Nf6  5. O-O  Be7
6. Re1  b5  7. Bb3
d6  8. c3  O-O
9. h3  Na5  10. Bc2  c5
11. d4  Qc7  12. Nbd2
cxd4  13. cxd4  Nc6
14. Nb3  a5  15. Be3
a4  16. Nbd2  Bd7
17. Rc1  Qb7  18. a3
Rfc8  19. Qe2  Ne8
20. Bb1  Bf6  21. dxe5
dxe5  22. Ba2  Nc7
23. Bg5  Nd4  24. Qe3
Be6  25. Bxf6  gxf6
26. Nxd4  exd4  27. Qg3+
Kh8  28. Bb1  Ne8
29. Rcd1  b4  30. Nf3
bxa3  31. bxa3  Rc3
32. Qh4  d3  33. e5
Qd5  34. exf6  Qf5
35. Re5  Qxf6  36. Qb4
1-0

[Event "tht Extraliga 16/17,Labortech Ostrava-Lysa nad Labem A"]
[Site "Ostrava"]
[Date "2016.10.08"]
[Round "1.7"]
[White "Talla, Vladimir"]
[Black "Rogozenco, Dorian"]
[WhiteElo "2437"]
[BlackElo "2483"]
[Result "1/2-1/2"]

1. d4  d5  2. c4  dxc4
3. Nf3  Nf6  4. e3
e6  5. Bxc4  a6
6. O-O  b5  7. Bb3  Bb7
8. a4  Nbd7  9. Qe2
c5  10. Rd1  Qb8
11. Bd2  Be7  12. axb5
axb5  13. Rxa8  Bxa8
14. dxc5  Nxc5  15. Bc2
b4 16. Be1  b3  17. Bd3
O-O  18. Bc4  Ng4 19. Nbd2
Qb7  20. e4  Bf6
21. h3 Ne5 22. Nxe5  Bxe5  23.
Nf3  Bf4  24. e5  Qc7
25. Bb4  Rb8  26. Bxc5
Qxc5  27. Bxb3  g6
28. Ba4  Kg7  29. b3
Qc3  30. Rd3  Qa1+
31. Rd1  Qc3  32. Rd3
Bxf3  33. gxf3  Qxe5
34. Qxe5+ Bxe5  35. Kg2  h5
36. Rd7  h4  37. Rd2
f5  38. Rd3  Kf6
39. Rd2  Bc3  40. Rd3
Ba1  41. Bc6  Rc8
42. Bb5  Rc2  43. Bc4
e5  44. Re3  Bd4
45. Re2  Rc1  46. Rd2
Kg5  47. Bf7  Rc7
48. Bc4  Ra7  49. Bd5
Kf4  50. Re2  Ra1
51. Bf7  g5  52. Be6
Rd1  53. Bc4  e4
54. fxe4  fxe4  55. Bd5
e3  56. fxe3+  Bxe3
57. Be6  Rg1+  58. Kh2
Rc1  59. Bg4  Rc3
60. Kg2  Rxb3  61. Kh2
Bd4  62. Kg2  Rg3+
63. Kh2  Bc5  64. Rg2
Rc3  65. Re2  Bd6
66. Kg2  Rg3+  67. Kh1
Rd3  68. Kg2  Ke5 1/2-1/2

[Event "tht Extraliga 16/17,Labortech Ostrava-Lysa nad Labem A"]
[Site "Ostrava"]
[Date "2016.10.08"]
[Round "1.8"]
[White "Meduna, Eduard"]
[Black "Michenka, Jozef"]
[WhiteElo "2382"]
[BlackElo "2347"]
[Result "1/2-1/2"]

1. d4  d5  2. Nf3  Nf6
3. c4  e6  4. Nc3
Be7  5. Bf4  O-O
6. e3  b6  7. Bd3
c5  8. O-O  Nc6
9. cxd5  Nxd5  10. Bg3  Nxc3
11. bxc3  Bb7  12. Qe2
Bd6  13. Rfd1  1/2-1/2

[Event "tht Extraliga 16/17,Duras Brno-Unichess"]
[Site "Brno"]
[Date "2016.10.08"]
[Round "1.1"]
[White "Shengelia, David"]
[Black "Michalik, Peter"]
[WhiteElo "2557"]
[BlackElo "2554"]
[Result "1/2-1/2"]
[PlyCount "51"]

1. c4 c6 2. Nc3 d5 3. e3 Nf6 4. d4 e6 5. Nf3 Nbd7 6. Qc2 Bd6 7. Bd3 dxc4 8.
Bxc4 a6 9. O-O O-O 10. Rd1 c5 11. dxc5 Bxc5 12. Bd3 Qe7 13. Ng5 h6 14. Nge4 b5
15. Nxf6+ Nxf6 16. Ne4 Nxe4 17. Bxe4 Ra7 18. Bd2 Bb7 19. Ba5 Rc8 20. Rac1 Raa8
21. Qd3 f5 22. Bxb7 Qxb7 23. h3 Be7 24. b3 Rxc1 25. Rxc1 Rc8 26. Rxc8+ 1/2-1/2

[Event "tht Extraliga 16/17,Duras Brno-Unichess"]
[Site "Brno"]
[Date "2016.10.08"]
[Round "1.2"]
[White "Cernousek, Lukas"]
[Black "Ponizil, Cyril"]
[WhiteElo "2494"]
[BlackElo "2497"]
[Result "1/2-1/2"]
[PlyCount "152"]

1. e4 c5 2. Nf3 e6 3. d4 cxd4 4. Nxd4 a6 5. Be3 Ne7 6. c4 Nbc6 7. Nc3 Ng6 8.
Be2 d6 9. O-O Be7 10. c5 Nxd4 11. Qxd4 dxc5 12. Qxd8+ Bxd8 13. Bxc5 Bd7 14.
Rfd1 Rc8 15. Bd6 Be7 16. g3 Bxd6 17. Rxd6 Ke7 18. Rad1 Rhd8 19. f4 Bc6 20. e5
Rxd6 21. Rxd6 Nf8 22. Kf2 Nd7 23. Ke3 h6 24. b4 Nb6 25. a4 Nxa4 26. Rxc6 bxc6
27. Nxa4 Rb8 28. Nc5 Rxb4 29. Nxa6 Rb3+ 30. Bd3 g5 31. h4 gxf4+ 32. gxf4 Rb2
33. h5 Rh2 34. Be2 Rh1 35. Nc5 f6 36. Ne4 fxe5 37. fxe5 Rg1 38. Kd4 Rh1 39. Nc5
Rg1 40. Nd3 Rg3 41. Ke4 Rg1 42. Bf3 Ra1 43. Kd4 Ra4+ 44. Kc5 Ra3 45. Kc4 Kd7
46. Be4 Ra4+ 47. Kb3 Ra1 48. Nc5+ Ke7 49. Bxc6 Rg1 50. Nd3 Rg4 51. Kc3 Rh4 52.
Bf3 Rh3 53. Be2 Kd7 54. Kd4 Ke7 55. Ke4 Rh1 56. Nf2 Re1 57. Kf3 Kf7 58. Ng4 Kg7
59. Bc4 Rh1 60. Nf6 Kf7 61. Kg2 Re1 62. Nd7 Ke7 63. Kf2 Re4 64. Bb5 Rb4 65. Bc6
Rh4 66. Nb6 Rxh5 67. Nc4 Rg5 68. Bf3 h5 69. Ke3 h4 70. Kf4 Rg1 71. Bg4 Rf1+ 72.
Kg5 Rh1 73. Nd2 h3 74. Nf3 h2 75. Kh4 Re1 76. Nxh2 Rxe5 1/2-1/2

[Event "tht Extraliga 16/17,Duras Brno-Unichess"]
[Site "Brno"]
[Date "2016.10.08"]
[Round "1.3"]
[White "Polak, Tomas"]
[Black "Bernasek, Jan"]
[WhiteElo "2505"]
[BlackElo "2507"]
[Result "1/2-1/2"]
[PlyCount "105"]

1. d4 Nf6 2. c4 e6 3. Nf3 b6 4. g3 Ba6 5. b3 d5 6. cxd5 exd5 7. Bg2 Bb4+ 8. Bd2
Bd6 9. Nc3 O-O 10. O-O Nbd7 11. Re1 Re8 12. Rc1 c6 13. Nh4 Rc8 14. Rc2 Bf8 15.
Bg5 h6 16. Bc1 g6 17. Nf3 Ne4 18. Nxe4 dxe4 19. Nd2 Nf6 20. Nc4 c5 21. Bb2 cxd4
22. Bxd4 Nd5 23. Ba1 Nb4 24. Rd2 Qg5 25. h4 Qh5 26. Ne3 Bc5 27. Nd5 Nxd5 28.
Rxd5 Qg4 29. b4 Be7 30. Qd4 f6 31. b5 Bb7 32. Bxe4 h5 33. Bf3 Qxd4 34. Rxd4
Bxf3 35. exf3 Bc5 36. Rxe8+ Rxe8 37. Re4 Rd8 38. Bxf6 Rd2 39. Be7 Bxf2+ 40. Kg2
Bc5+ 41. Kh3 Bxe7 42. Rxe7 Rxa2 43. g4 Kf8 44. Rh7 Kg8 45. Rd7 hxg4+ 46. Kxg4
a6 47. Ra7 Ra4+ 48. Kg5 axb5 49. Rb7 Ra3 50. Kxg6 Rxf3 51. Rb8+ Rf8 52. Rxb6
Rc8 53. Rxb5 1/2-1/2

[Event "tht Extraliga 16/17,Duras Brno-Unichess"]
[Site "Brno"]
[Date "2016.10.08"]
[Round "1.4"]
[White "Jurcik, Marian"]
[Black "Blahynka, Martin"]
[WhiteElo "2500"]
[BlackElo "2424"]
[Result "0-1"]
[PlyCount "117"]

1. c4 Nf6 2. Nc3 e6 3. e4 e5 4. Nf3 Nc6 5. a3 Bc5 6. Nxe5 O-O 7. Nf3 Nxe4 8.
Nxe4 Re8 9. d3 f5 10. Be2 fxe4 11. dxe4 d6 12. O-O Qf6 13. Ra2 a5 14. b3 Kh8
15. Qd5 Nd4 16. Qh5 Bf5 17. exf5 Nxe2+ 18. Rxe2 Rxe2 19. Ng5 h6 20. Nf7+ Kh7
21. Nxh6 Qe7 22. Ng4+ Kg8 23. f6 Qf7 24. Nh6+ gxh6 25. Qxe2 Qxf6 26. Bb2 Qg6
27. g3 Re8 28. Qd2 Qg5 29. Qd3 Qg4 30. Qc3 Re2 31. Qh8+ Kf7 32. Qf6+ Ke8 33.
Bc3 Kd7 34. Bxa5 Bd4 35. Qf7+ Re7 36. Qd5 c6 37. Qg2 Re2 38. Bb4 Qf5 39. h3 Qd3
40. Kh2 Qxb3 41. h4 Kc7 42. Kg1 h5 43. Ba5+ b6 44. Bb4 Qd3 45. Kh1 Qf5 46. Kg1
c5 47. Be1 Qe5 48. Qa8 Rxe1 49. Qa7+ Kc8 50. Qa8+ Kd7 51. Qb7+ Ke8 52. Kg2 Qe4+
53. Qxe4+ Rxe4 54. Rb1 Re2 55. Rxb6 Rxf2+ 56. Kh3 Be5 57. Rb3 Rc2 58. a4 Rxc4
59. Ra3 0-1

[Event "tht Extraliga 16/17,Duras Brno-Unichess"]
[Site "Brno"]
[Date "2016.10.08"]
[Round "1.5"]
[White "Roubalik, Jakub"]
[Black "Jirka, Jiri"]
[WhiteElo "2400"]
[BlackElo "2437"]
[Result "1/2-1/2"]
[PlyCount "144"]

1. d4 d5 2. c4 c6 3. Nc3 Nf6 4. Nf3 a6 5. c5 Nbd7 6. Bf4 Nh5 7. Qd2 b6 8. e4
Nxf4 9. Qxf4 e6 10. exd5 cxd5 11. c6 Nf6 12. Bd3 Bd6 13. Ne5 O-O 14. O-O Ne8
15. Rac1 Ra7 16. Qe3 f6 17. Nf3 Re7 18. Qe2 Nc7 19. Qc2 g6 20. a4 Kh8 21. Qb3
Ne8 22. Rfe1 g5 23. Nd2 Bc7 24. Nf1 Qd6 25. Na2 e5 26. Nb4 a5 27. Nxd5 Be6 28.
Bc4 Bxd5 29. Bxd5 exd4 30. Qc4 Re5 31. Rxe5 fxe5 32. Ng3 Qf6 33. Rf1 Nd6 34.
Qd3 Qg6 35. Be4 Nxe4 36. Qxe4 Qxe4 37. Nxe4 h6 38. Rc1 Kg7 39. Kf1 Kf7 40. Ke2
Ke6 41. h3 Kd5 42. f3 Bd6 43. Kd3 Bc5 44. c7 Rc8 45. Re1 Be7 46. Rc1 Bc5 47.
Re1 Rxc7 48. Nf6+ Ke6 49. Ng4 Bd6 50. Nxh6 b5 51. axb5 Rc5 52. Ng4 Rxb5 53. Kc2
Bb4 54. Re4 a4 55. Nf2 a3 56. bxa3 Bxa3 57. Nd3 Bd6 58. h4 gxh4 59. Rxh4 Ra5
60. Rh6+ Kd5 61. Rg6 Ra2+ 62. Kd1 Kc4 63. Nc1 Ra6 64. Kc2 Kd5 65. Nd3 Ra2+ 66.
Kd1 Ra3 67. Kc2 Rc3+ 68. Kd2 Bc7 69. Rg5 Ra3 70. Nxe5 Bxe5 71. f4 Ra2+ 72. Kd3
Ra3+ {Kxd4+} 1/2-1/2

[Event "tht Extraliga 16/17,Duras Brno-Unichess"]
[Site "Brno"]
[Date "2016.10.08"]
[Round "1.6"]
[White "Vavra, Pavel"]
[Black "Vyskocil, Neklan"]
[WhiteElo "2391"]
[BlackElo "2332"]
[Result "1-0"]
[PlyCount "81"]

1. d4 f5 2. Bg5 Nf6 3. Bxf6 exf6 4. e3 d5 5. Bd3 Bd6 6. Qf3 g6 7. h4 h5 8. c4
Bb4+ 9. Nc3 Be6 10. Nge2 Bf7 11. Nf4 dxc4 12. Qxb7 Bxc3+ 13. bxc3 Nd7 14. Be2
O-O 15. Qa6 Nb6 16. Bf3 Rb8 17. Qxa7 Qd6 18. Qa5 c6 19. a4 Nd5 20. Bxd5 cxd5
21. O-O Rb3 22. Ne2 Qc6 23. Qc5 Qd7 24. Nc1 Rb7 25. Ra2 Rc8 26. Qa3 Ra8 27. a5
Qb5 28. Ne2 Rba7 29. Qb4 Qc6 30. Rb1 Qc7 31. Qc5 Qd8 32. Rb6 Kg7 33. Nf4 Rc8
34. Qb5 Rcc7 35. a6 g5 36. hxg5 fxg5 37. Ne6+ Bxe6 38. Rxe6 Qd7 39. Qb6 Qf7 40.
Qd6 Rd7 41. Qe5+ 1-0

[Event "tht Extraliga 16/17,Duras Brno-Unichess"]
[Site "Brno"]
[Date "2016.10.08"]
[Round "1.7"]
[White "Chytilek, Roman"]
[Black "Simek, Petr"]
[WhiteElo "2326"]
[BlackElo "2380"]
[Result "1/2-1/2"]
[PlyCount "49"]

1. d4 Nf6 2. Nf3 e6 3. c4 d5 4. Nc3 dxc4 5. e3 a6 6. a4 b6 7. Bxc4 Bb7 8. O-O
Nbd7 9. Qe2 Bb4 10. Rd1 Qe7 11. d5 exd5 12. Nxd5 Nxd5 13. Bxd5 Bxd5 14. Rxd5
O-O 15. e4 Rfe8 16. Bg5 Qe6 17. Qd1 Bd6 18. Nd4 Qxe4 19. Nf5 Re5 20. Rxe5 Qxe5
21. Nxd6 cxd6 22. Qd2 Nc5 23. Bf4 Qf6 24. Qxd6 Rd8 25. Qxf6 1/2-1/2

[Event "tht Extraliga 16/17,Duras Brno-Unichess"]
[Site "Brno"]
[Date "2016.10.08"]
[Round "1.8"]
[White "Jurcik, Martin"]
[Black "Vymazal, Bronislav"]
[WhiteElo "2329"]
[BlackElo "2331"]
[Result "1/2-1/2"]
[PlyCount "65"]

1. e4 e5 2. Nf3 Nc6 3. Bc4 Nf6 4. d3 Bc5 5. c3 d6 6. h3 Bb6 7. O-O Be6 8. Na3
a6 9. d4 exd4 10. Bxe6 fxe6 11. Nxd4 Nxd4 12. cxd4 O-O 13. Re1 d5 14. e5 Ne4
15. Be3 Qh4 16. Qg4 Qxg4 17. hxg4 c5 18. Nc2 cxd4 19. Nxd4 Nxf2 20. Bxf2 Rxf2
21. Kxf2 Bxd4+ 22. Ke2 Bxb2 23. Rab1 Bc3 24. Rec1 Bxe5 25. Rxb7 Re8 26. Rc6 a5
27. Ra6 h6 28. Rxa5 Rc8 29. Ra6 Bf6 30. Rxe6 Rc2+ 31. Kf3 Rxa2 32. Rd7 Rd2 33.
Re2 1/2-1/2

[Event "tht Extraliga 16/17,Lokomotiva Brno-Novy Bor"]
[Site "Brno"]
[Date "2016.10.08"]
[Round "1.1"]
[White "Biolek, Richard"]
[Black "Pentala, Harikrishna"]
[WhiteElo "2440"]
[BlackElo "2762"]
[Result "0-1"]
[PlyCount "96"]

1. e4 e5 2. Nf3 Nc6 3. Bc4 Bc5 4. d3 Nf6 5. O-O d6 6. a4 a5 7. Be3 Bxe3 8. fxe3
O-O 9. Nc3 Ne7 10. Ng5 c6 11. d4 Ng6 12. Bb3 h6 13. Nf3 Re8 14. Qd2 Qb6 15. Kh1
Be6 16. d5 cxd5 17. Nxd5 Bxd5 18. Bxd5 Nxd5 19. exd5 f5 20. c4 Rac8 21. Qc3 Ne7
22. Rfd1 Rc5 23. e4 fxe4 24. Nh4 Qc7 25. b3 Rxd5 26. Rf1 Rd3 27. Qe1 Rd4 28.
Qf2 Nc6 29. Nf5 Kh7 30. Nxd4 exd4 31. Qf5+ Kh8 32. Qg6 Qe7 33. Rf7 Qg5 34. Rxg7
Qxg6 35. Rxg6 d3 36. Rxh6+ Kg7 37. Rxd6 Nb4 38. Rf1 Re7 39. Rd4 Nc2 40. Rd8 Nb4
41. Rd4 Kh7 42. Rf5 Nc6 43. Rdd5 e3 44. Rh5+ Kg6 45. Rhg5+ Kf7 46. Rgf5+ Ke8
47. Rf1 e2 48. Re1 Nb4 0-1

[Event "tht Extraliga 16/17,Lokomotiva Brno-Novy Bor"]
[Site "Brno"]
[Date "2016.10.08"]
[Round "1.2"]
[White "Navara, David"]
[Black "Druska, Juraj"]
[WhiteElo "2737"]
[BlackElo "2457"]
[Result "1-0"]
[PlyCount "35"]

1. d4 Nf6 2. c4 e6 3. Nf3 c5 4. d5 b5 5. dxe6 fxe6 6. cxb5 d5 7. Nbd2 a6 8. e3
Bd6 9. b3 O-O 10. Bb2 Qe7 11. Be2 Bb7 12. O-O e5 13. e4 dxe4 14. Nh4 g6 15. Nc4
Ne8 16. f4 Nd7 17. bxa6 Bc6 18. Na5 1-0